000 00447nam a22001697a 4500
005 20251108175707.0
008 250721s2015 xx 000 0 ara d
082 1 4 _aق/فقي
100 1 _aفقيه، محمد
245 1 0 _aكان بطلا /
264 1 _aعمان :
_bدار الاعلام،
_c2015.
300 _a148ص.
650 1 7 _aالادب العربي
650 1 7 _aالقصص العربيه
942 _2ddc
_cBK
999 _c140154
_d140154